[Event "Malmo op"]
[Site "Malmo"]
[Date "2018.12.14"]
[Round "2"]
[White "Sjodahl, Pontus"]
[Black "Popov, Sergey A"]
[Result "1-0"]
[WhiteElo "2406"]
[BlackElo "2077"]
[PlyCount "69"]
[EventDate "2018.12.14"]
[EventType "swiss"]
[EventRounds "8"]
[EventCountry "SWE"]
[SourceTitle "CBM 187 Extra"]
[Source "ChessBase"]
[SourceDate "2018.11.04"]
[SourceVersion "1"]
[SourceVersionDate "2018.11.04"]
[SourceQuality "1"]

1. d4 Nf6 2. c4 g6 3. Nc3 Bg7 4. e4 d6 5. f3 0-0 6. Be3 Nc6 7. Nge2 a6 8. Qd2 Re8 9. g4 Rb8 10. g5 Nh5 11. Ng3 e5 12. Nxh5 gxh5 13. Ne2 h4 14. d5 Ne7 15. 0-0-0 Ng6 16. Kb1 c5 17. dxc6 bxc6 18. Qxd6 Be6 19. Qxd8 Rexd8 20. Rxd8+ Rxd8 21. Nc1 Nf4 22. Kc2 h3 23. Rg1 Bf8 24. Nb3 Kg7 25. Nc5 Bc8 26. Nd3 Nxd3 27. Bxd3 a5 28. Rg3 Bd6 29. Bb6 Re8 30. Bf1 a4 31. Bxh3 Bxh3 32. Rxh3 Be7 33. Be3 Rb8 34. Bd2 Bc5 35. Bc3 1-0

[Event "Lutsk Nebesna Sotnya Memorial blitz"]
[Site "Lutsk"]
[Date "2016.02.19"]
[Round "1"]
[White "Popov, Sergey A"]
[Black "Razin, Vadim"]
[Result "0-1"]
[WhiteElo "2096"]
[BlackElo "2345"]
[PlyCount "61"]
[EventDate "2016.02.19"]
[EventType "swiss (blitz)"]
[EventRounds "22"]
[EventCountry "UKR"]
[SourceTitle "CBM 170 Extra"]
[Source "ChessBase"]
[SourceDate "2016.02.25"]
[SourceVersion "1"]
[SourceVersionDate "2016.02.25"]
[SourceQuality "1"]

1. c4 e6 2. Nc3 d5 3. g3 Nf6 4. Bg2 Be7 5. Nf3 0-0 6. cxd5 exd5 7. d4 c6 8. 0-0 Bf5 9. Bf4 Nbd7 10. Rc1 h6 11. Re1 Re8 12. Ne5 Qb6 13. Qd2 Nxe5 14. Bxe5 Nd7 15. Bf4 Bf6 16. Be3 Qa6 17. h3 Nb6 18. b3 Be7 19. g4 Bg6 20. Bf4 Ba3 21. Rcd1 Bb4 22. Bf3 Nd7 23. Kg2 Be4 24. Rc1 Nf6 25. g5 hxg5 26. Bxg5 Nh7 27. Bf4 Rad8 28. Rg1 c5 29. Kh2 Bxf3 30. exf3 Nf8 31. Bh6 0-1

[Event "EU-ch blitz"]
[Site "Minsk"]
[Date "2015.12.18"]
[Round "1.3"]
[White "Mamedov, Rauf"]
[Black "Popov, Sergey A"]
[Result "1-0"]
[WhiteElo "2650"]
[BlackElo "2096"]
[PlyCount "52"]
[EventDate "2015.12.18"]
[EventType "swiss (blitz)"]
[EventRounds "22"]
[EventCountry "BLR"]
[SourceTitle "EXT 2017"]
[Source "ChessBase"]
[SourceDate "2016.10.25"]
[SourceVersion "1"]
[SourceVersionDate "2016.10.25"]
[SourceQuality "1"]

1. e4 c5 2. Nf3 d6 3. Bb5+ Bd7 4. Bxd7+ Qxd7 5. 0-0 Nc6 6. Qe2 g6 7. c3 Bg7 8. Rd1 e6 9. d4 cxd4 10. cxd4 Nge7 11. Nc3 d5 12. e5 0-0 13. Bf4 a6 14. Na4 Qc7 15. Rac1 Qa5 16. b3 Rac8 17. h4 Rfd8 18. h5 Bf8 19. Bg5 Rd7 20. hxg6 Nxg6 21. Be3 Rdc7 22. g3 Nb4 23. Rxc7 Rxc7 24. Bd2 b5 25. Nc5 Bxc5 26. dxc5 Rxc5 1-0

[Event "Sao Paulo op"]
[Site "Sao Paulo"]
[Date "2000.??.??"]
[Round "4"]
[White "Popov, Sergey A"]
[Black "Leal, Paulo Tarcisio Garc"]
[Result "1/2-1/2"]
[WhiteElo "2160"]
[BlackElo "2246"]
[PlyCount "31"]
[EventDate "2000.??.??"]
[EventType "swiss"]
[EventRounds "7"]
[EventCountry "BRA"]
[SourceTitle "EXT 2001"]
[Source "ChessBase"]
[SourceDate "2000.11.22"]
[SourceVersion "1"]
[SourceVersionDate "2000.11.22"]
[SourceQuality "1"]

1. c4 Nf6 2. Nc3 c6 3. d4 d5 4. e3 g6 5. Nf3 Bg7 6. Bd3 0-0 7. 0-0 Nbd7 8. h3 Kh8 9. Re1 Nb6 10. c5 Nbd7 11. Rb1 Ng8 12. b4 e5 13. dxe5 Nxe5 14. Nxe5 Bxe5 15. Ne2 Ne7 16. Bb2 1/2-1/2